000 01443nam2a2200301 4500
001 rc\2839375
005 20260315045725.0
035 _a(NLR Aleph) 006996989
090 _a13574353
_c13574353
100 _a20110628d1929 u y0rusy50 ca
101 1 _arus
_cfre
102 _aRU
105 _ay z |||||
200 1 _aЖиронда и гора
_fС предисл. Н.М. Лукина
_gПер. с фр. С. Лосева
210 _aМосква
_cМосковский рабочий
_d1929
215 _a208 с.
300 _aНа доб. тит. л. авт. и загл. на фр. яз.: "Albert Mathlez. La révolution française. T. 2. La gironde et la montagne"
300 _aНапеч. в Москве
461 0 _1001rc\2839372
_12001#$aФранцузская революция$eТ. 1-3$fпроф. А. Матьез$vТ. 2
_1700#1$aМатьез$bА.$gАльбер$f1874-1932
_95682794
_aМатьез, А. (1874-1932)
_cЛенинград
_d1925-1930
_fпроф. А. Матьез
_nКнига
_oТ. 1-3
_p3 т.
_tФранцузская революция
_vТ. 2
702 1 _4080
_7ca
_8rus
_aЛукин
_bН. М.
_cисторик-марксист
_f1885-1940
_gНиколай Михайлович
_9229749
_3RU\NLR\AUTH\770229805
702 1 _aЛосев
_bС.
_4730
801 0 _aRU
_bNLR
_gpsbo
801 1 _aRU
_bELAR
_2rusmarc
852 _aNLR
_j18/590(3)
852 _aNLR
_bМф
_jК1/8358
942 _cUNSPEC
980 _aNB